Tìm hiểu âm nhạc dân tộc cổ truyền T.1

Na minha lista:
Detalhes bibliográficos
Autor principal: Tô Ngọc Thanh
Outros Autores: Hồng Thao
Formato: Livro
Publicado em: H. Văn hóa 1986
Assuntos:
Tags: Adicionar Tag
Sem tags, seja o primeiro a adicionar uma tag!
Thư viện lưu trữ: Trung tâm Học liệu Lê Vũ Hùng, Trường Đại học Đồng Tháp
LEADER 00760pam a22002298a 4500
001 00017142
005 20171026081022.0
008 110418s1986 ||||||Viesd
041 0 # |a Vie 
082 1 4 |a 780.7  |b T310H 
100 0 # |a Tô Ngọc Thanh 
245 0 0 |a Tìm hiểu âm nhạc dân tộc cổ truyền  |c Tô Ngọc Thanh, Hồng Thao  |n T.1 
260 # # |a H.  |b Văn hóa  |c 1986 
300 # # |a 181 tr.  |b Ảnh trắng đen  |c 19 cm. 
650 # 4 |a Nhạc dân tộc 
653 # # |a Dân ca quan họ 
700 0 # |a Hồng Thao 
852 # # |b Kho đọc  |j KD.0002574 
852 # # |b Thư viện  |j KD.0002574 
852 # # |j KD.0002574 
910 |d 18/04/2011 
980 # # |a Trung tâm Học liệu Lê Vũ Hùng, Trường Đại học Đồng Tháp